Tres formas de agresión EE.UU. contra Nicaragua 1979-1986

Сохранить в:
Библиографические подробности
Соавтор: Nicaragua. Ministerio del Exterior. Dirección de Información
Формат: Текст
Опубликовано: Managua: DIDA. MINEX
Метки: Добавить метку
Нет меток, Требуется 1-ая метка записи!

MARC

LEADER 00000 a a2200000 04500
001 23649
003
040
090 |a 165500  
110 |a Nicaragua. Ministerio del Exterior. Dirección de Información  
245 |a Tres formas de agresión EE.UU. contra Nicaragua 1979-1986  
260 |a Managua:   |b DIDA. MINEX  
300 |a 121 p.  
999 |c 12147  |d 12147